|
|
|
|
| LEADER |
00000nta a2200000 i 4500 |
| 001 |
dolg5632 |
| 005 |
20170130100245.0 |
| 008 |
160506suuuu hu om 000 hun d |
| 040 |
|
|
|a BGE Dolgozattár Repozitórium
|b hun
|
| 041 |
|
|
|a hu
|
| 100 |
1 |
|
|a Szabó Péter Géza
|
| 245 |
1 |
0 |
|a Norbi Update Lowcarb Nyrt. tevékenyesége, azaz a franchise megvalósítása egy gyakorlati példán keresztül
|c Szabó Péter Géza
|h [elektronikus dokumentum]
|
| 695 |
|
|
|a Norbi Update
|
| 695 |
|
|
|a Franchise
|
| 700 |
1 |
|
|a Fabula László
|e ths
|
| 856 |
4 |
0 |
|u http://dolgozattar.uni-bge.hu/5632/1/szakdolgozat_Norbi_Update.pdf
|z Dokumentum-elérés
|